[Event "Troya op 24th"]
[Site "Canakkale"]
[Date "2016.08.09"]
[Round "2"]
[White "Atamer, Tuncay"]
[Black "Chigladze, Iveri"]
[Result "1/2-1/2"]
[WhiteElo "1934"]
[BlackElo "2346"]
[PlyCount "118"]
[EventDate "2016.08.08"]
[EventType "swiss"]
[EventRounds "9"]
[EventCountry "TUR"]
[SourceTitle "CBM 173 Extra"]
[Source "ChessBase"]
[SourceDate "2016.08.29"]
[SourceVersion "1"]
[SourceVersionDate "2016.08.29"]
[SourceQuality "1"]

1. e4 Nf6 2. e5 Nd5 3. Nc3 Nxc3 4. dxc3 d6 5. Nf3 dxe5 6. Qxd8+ Kxd8 7. Nxe5 Ke8 8. Bc4 e6 9. Be3 Bd6 10. Nf3 Ke7 11. 0-0-0 Re8 12. Nd2 Bd7 13. Bd3 h6 14. f4 Bc6 15. Be4 f5 16. Bxc6 Nxc6 17. Nf3 Kf7 18. Nd4 Ne7 19. c4 Rad8 20. h4 a6 21. Rhe1 e5 22. Ne2 Nc6 23. g3 exf4 24. Bxf4 Bxf4+ 25. Nxf4 Rxd1+ 26. Rxd1 Ne5 27. b3 g5 28. hxg5 hxg5 29. Nd5 c6 30. Ne3 Ke6 31. c5 f4 32. gxf4 gxf4 33. Rd6+ Kf7 34. Nf5 Rf8 35. Kd2 Kg8 36. Ne7+ Kh7 37. Re6 Ng4 38. Ng6 Rf5 39. Nxf4 Rxf4 40. Re7+ Kg6 41. Rxb7 Rf2+ 42. Kd3 Ne5+ 43. Kc3 Rf7 44. Rxf7 Kxf7 45. Kb4 Ke6 46. Ka5 Kd7 47. Kxa6 Kc7 48. a4 Nd7 49. b4 Kb8 50. c4 Kc7 51. Ka7 Kc8 52. a5 Kc7 53. a6 Kc8 54. b5 cxb5 55. cxb5 Nxc5 56. b6 Nd7 57. b7+ Kc7 58. Ka8 Nb6+ 59. Ka7 Nd7 1/2-1/2

[Event "Manavgat Turkey Cup"]
[Site "Manavgat"]
[Date "2015.02.07"]
[Round "11"]
[White "Atamer, Tuncay"]
[Black "Hatipoglu, Metin"]
[Result "1-0"]
[WhiteElo "1939"]
[BlackElo "1807"]
[PlyCount "117"]
[EventDate "2015.01.31"]
[EventType "swiss"]
[EventRounds "11"]
[EventCountry "TUR"]
[SourceTitle "CBM 164 Extra"]
[Source "ChessBase"]
[SourceDate "2015.03.02"]
[SourceVersion "1"]
[SourceVersionDate "2015.03.02"]
[SourceQuality "1"]

1. e4 c5 2. b4 cxb4 3. a3 bxa3 4. Bxa3 e6 5. Bb2 Qb6 6. Qc1 Bc5 7. Nh3 Nf6 8. Bd3 d6 9. Nc3 Nbd7 10. Na4 Qc7 11. c3 a6 12. 0-0 Ba7 13. Ba3 b5 14. Nb2 Bb7 15. c4 bxc4 16. Nxc4 Nc5 17. Bb1 0-0 18. d3 Rfc8 19. Qg5 Ncxe4 20. dxe4 Qxc4 21. Bb2 e5 22. Qh4 Bd4 23. Ba2 Qc2 24. Bxd4 exd4 25. Ng5 Rf8 26. Rfc1 Qb2 27. Qf4 Rac8 28. Rcb1 Qc3 29. Nxf7 Bxe4 30. Nxd6+ Bd5 31. Nxc8 Bxa2 32. Ne7+ Kf7 33. Rxa2 Re8 34. g4 Rxe7 35. Rxa6 Re1+ 36. Rxe1 Qxe1+ 37. Kg2 d3 38. Rd6 Qe2 39. g5 Qe4+ 40. Qxe4 Nxe4 41. Rxd3 Nxg5 42. f3 Ne6 43. Kg3 Kf6 44. Ra3 Nd4 45. Ra6+ Kf7 46. Kf4 Ne6+ 47. Ke5 Ng5 48. Kf4 Ne6+ 49. Kg4 Kf6 50. h4 g6 51. f4 h5+ 52. Kf3 Kf5 53. Ra5+ Kf6 54. Ke4 Ng7 55. Ra6+ Kf7 56. Ke5 Nf5 57. Rf6+ Kg7 58. Rxf5 gxf5 59. Kxf5 1-0

[Event "Manavgat Turkey Cup"]
[Site "Manavgat"]
[Date "2015.02.02"]
[Round "4"]
[White "Ozbay, Ece"]
[Black "Atamer, Tuncay"]
[Result "1-0"]
[WhiteElo "1654"]
[BlackElo "1939"]
[PlyCount "89"]
[EventDate "2015.01.31"]
[EventType "swiss"]
[EventRounds "11"]
[EventCountry "TUR"]
[SourceTitle "CBM 164 Extra"]
[Source "ChessBase"]
[SourceDate "2015.03.02"]
[SourceVersion "1"]
[SourceVersionDate "2015.03.02"]
[SourceQuality "1"]

1. e4 e5 2. Nf3 Nc6 3. Nc3 Bc5 4. Nxe5 Nxe5 5. d4 Bd6 6. dxe5 Bxe5 7. Bc4 Nf6 8. 0-0 0-0 9. Qd3 d6 10. Bg5 Bxh2+ 11. Kh1 Be5 12. f4 Bxc3 13. bxc3 h6 14. Bh4 Qe7 15. e5 dxe5 16. fxe5 Qxe5 17. Rxf6 Be6 18. Bxe6 fxe6 19. Rxf8+ Rxf8 20. Re1 Qf4 21. Qe4 Qxe4 22. Rxe4 Rf1+ 23. Kh2 Rc1 24. Rxe6 Rxc2 25. Re8+ Kh7 26. Rb8 Rb2 27. Rc8 c6 28. Rc7 Kg6 29. Be7 Kf5 30. Bb4 b6 31. Rxc6 Rxa2 32. Bf8 Rb2 33. Bxg7 a5 34. Bxh6 Ke4 35. Bg7 Rb3 36. c4 a4 37. c5 b5 38. Rd6 Rb1 39. Rd4+ Kf5 40. c6 Ke6 41. Bh6 Rb3 42. Bd2 Rb2 43. Bc3 Rc2 44. Rd3 b4 45. c7 1-0

[Event "Manavgat Turkey Cup"]
[Site "Manavgat"]
[Date "2015.01.31"]
[Round "1"]
[White "Atamer, Tuncay"]
[Black "Mutlu, Bunyamin"]
[Result "0-1"]
[WhiteElo "1939"]
[BlackElo "1615"]
[PlyCount "144"]
[EventDate "2015.01.31"]
[EventType "swiss"]
[EventRounds "11"]
[EventCountry "TUR"]
[SourceTitle "CBM 164 Extra"]
[Source "ChessBase"]
[SourceDate "2015.03.02"]
[SourceVersion "1"]
[SourceVersionDate "2015.03.02"]
[SourceQuality "1"]

1. e4 e5 2. Nf3 Nc6 3. Bb5 a6 4. Ba4 Nf6 5. 0-0 b5 6. Bb3 Be7 7. Re1 0-0 8. c3 d5 9. exd5 Nxd5 10. Nxe5 Nxe5 11. Rxe5 Nf6 12. d4 Bd6 13. Re1 Ng4 14. Qf3 Bxh2+ 15. Kf1 Qf6 16. Qxf6 Nxf6 17. Bg5 Bf5 18. Bd1 Rae8 19. Be2 Ne4 20. Be3 Ng3+ 21. fxg3 Rxe3 22. g4 Bg3 23. Nd2 Bxe1 24. Rxe1 Bc2 25. Kf2 Rfe8 26. Nf3 R3e6 27. g5 Be4 28. Ra1 Bxf3 29. Bxf3 Rg6 30. a4 Rxg5 31. axb5 Rxb5 32. b4 Rb6 33. Ra5 g6 34. Rc5 Re7 35. Kg3 Kg7 36. Kf4 Rf6+ 37. Kg3 Rf5 38. Rc6 Rf6 39. Rc5 h5 40. Ra5 Re3 41. Rc5 c6 42. Kf2 Re7 43. Ra5 Ra7 44. Ke3 Re6+ 45. Kd3 f6 46. Kc4 h4 47. Kc5 Re3 48. Kb6 Rae7 49. Bxc6 Rxc3 50. d5 Rc4 51. Ra4 Ree4 52. Ka5 Kf7 53. Bb7 Rcd4 54. Bc6 Ke7 55. Ra3 Kd6 56. b5 axb5 57. Kb6 Rxd5 58. Bxd5 Kxd5 59. Kxb5 Rg4 60. Ra2 f5 61. Re2 g5 62. Kb6 Re4 63. Rf2 f4 64. Kc7 g4 65. Kd7 Ke5 66. Ke7 Kf5+ 67. Kf7 g3 68. Rc2 Re5 69. Kg7 Kg4 70. Kf6 Ra5 71. Rc4 h3 72. Rc8 hxg2 0-1